000 01090cam a2200253 4500
001 ABS63883
008 000000n2001 000 0 eng u
035 _a(Sirsi) u112404
100 _aBrymer, S.
245 _aEnforcing commercial lease terms against successive landlords. Part 2
260 _c2001
490 _aProperty Law
_v(50) March 2001, 3--5(3)
520 _aExamines law as it currently stands with regard to the transmissibility of options to purchase and exclusivity clauses against singular successors of the landlord. (Part 1 was published in Property Law vol 49 pages 4-6)
590 _aABS
650 _aCOMMERCIAL LEASES
650 _aMCCALL'S ENTERTAINMENTS (AYR) LTD V SOUTH AYRSHIRE COUNCIL
650 _aOPTICAL EXPRESS (GYLE) LTD V MARKS AND SPENCER PLC
650 _aSCOTTISH WHOLEFOODS COLLECTIVE WAREHOUSE V RAYE INVESTMENTS
650 _aSEA BREEZE PROPERTIES LTD V BIO-MEDICAL SYSTEMS LTD
650 _aSCOTLAND
650 _aTRADE DEVELOPMENT BANK V WARRINER AND MASON (SCOTLAND) LTD
690 _aLANDLORD AND TENANT-LEASES
942 _n0
999 _c101424
_d101424